La protección de los terceros en las sociedades y en los concursos (Registro nro. 3410)
[ vista simple ]
| 000 -LEADER | |
|---|---|
| fixed length control field | 01558 a2200229 4500 |
| 001 - CONTROL NUMBER | |
| control field | 41190 |
| 005 - DATE AND TIME OF LATEST TRANSACTION | |
| control field | 20260407155705.0 |
| 008 - FIXED-LENGTH DATA ELEMENTS--GENERAL INFORMATION | |
| fixed length control field | 260407a2000 arg spa d |
| 003 - CONTROL NUMBER IDENTIFIER | |
| control field | AR-UNSa-BCEJYS |
| 040 ## - CATALOGING SOURCE | |
| Original cataloging agency | AR-UNSa-BCEJYS |
| Language of cataloging | spa |
| Transcribing agency | AR-UNSa-BCEJYS |
| 080 ## - UNIVERSAL DECIMAL CLASSIFICATION NUMBER | |
| Universal Decimal Classification number | 347.736 |
| Common auxiliary subdivision | Quiebra. Insolvencia. Suspensión de pagos. Bancarrota, procedimientos. Derecho Concursal |
| 020 ## - INTERNATIONAL STANDARD BOOK NUMBER | |
| International Standard Book Number | 950-894-234-7 |
| 041 ## - LANGUAGE CODE | |
| Language code of text/sound track or separate title | spa |
| 100 1# - MAIN ENTRY--PERSONAL NAME | |
| Personal name | Vítolo, Daniel Roque |
| 245 10 - TITLE STATEMENT | |
| Title | La protección de los terceros en las sociedades y en los concursos |
| 264 #1 - PRODUCTION, PUBLICATION, DISTRIBUTION, MANUFACTURE, AND COPYRIGHT NOTICE | |
| Place of production, publication, distribution, manufacture | Buenos Aires : |
| Name of producer, publisher, distributor, manufacturer | AD-HOC |
| Date of production, publication, distribution, manufacture, or copyright notice | 2000 |
| 300 ## - PHYSICAL DESCRIPTION | |
| Extent | 511 p. |
| Dimensions | 23 cm. |
| 505 ## - FORMATTED CONTENTS NOTE | |
| Formatted contents note | 1. Desestimación e inoponibilidad de la persona jurídica - 2. Presentación y responsabilidad. Socios, administradores y controlantes - 3. Otros institutos de tutela societaria - 4. Capital, aporte e infracapitalización - 5. Acreedores - 6. Actuación de la sociedad extranjera en fraude a la Ley - 7. Nulidades societarias. Decisiones asamblearias nulas y los terceros - 8. Concurso preventivo del agrupamiento - 9. Verificación de créditos, justificación de la legitimación del fallido y oponibilidad de la cosa juzgada - 10. Ineficacia y recomposición patrimonial - 11. Tutela de los trabajadores, otros institutos de tutela en el concurso preventivo y la quiebra - 12. Cramdown - 13. Extensión de la quiebra - 14. Responsabilidad de administradores y terceros |
| 590 ## - LOCAL NOTE (RLIN) | |
| Local note | niveau_biblio:m niveau_hierar:0 |
| 856 41 - ELECTRONIC LOCATION AND ACCESS | |
| Uniform Resource Identifier | <a href="https://biblioeco.unsa.edu.ar/pmb/images/libros/L126421.jpg">https://biblioeco.unsa.edu.ar/pmb/images/libros/L126421.jpg</a> |
| Link text | Imagen de portada |
| Electronic format type | image/jpeg |
| 942 ## - ADDED ENTRY ELEMENTS (KOHA) | |
| Koha item type | |
| Withdrawn status | Lost status | Damaged status | Not for loan | Home library | Current library | Shelving location | Date acquired | Total checkouts | Full call number | Barcode | Date last seen | Price effective from | Koha item type |
|---|---|---|---|---|---|---|---|---|---|---|---|---|---|
| Biblioteca Prof. Eusebio Cleto del Rey | Biblioteca Prof. Eusebio Cleto del Rey | 07/04/2026 | 347.736 V845p | L126421 | 07/04/2026 | 07/04/2026 | Libro | ||||||
| Biblioteca Prof. Eusebio Cleto del Rey | Biblioteca Prof. Eusebio Cleto del Rey | 07/04/2026 | 347.736 V845p | L126470 | 07/04/2026 | 07/04/2026 | Libro |